书目信息 |
| 题名: |
化学历年真题与全真模拟题解析
|
|
| 作者: | 侯士聪 主编 | |
| 分册: | ||
| 出版信息: | 北京 中国农业大学出版社 2019 |
|
| 页数: | 292页 | |
| 开本: | 26cm | |
| 丛书名: | ||
| 单 册: | ||
| 中图分类: | O6-44 | |
| 科图分类: | ||
| 主题词: | 化学--研究生--入学考试--题解 | |
| 电子资源: | ||
| ISBN: | 978-7-5655-2263-5 | |
| 000 | 01020nam0 2200241 45 | |
| 001 | 012001003341 | |
| 005 | 20140130102219.0 | |
| 010 | @a978-7-5655-2263-5@dCNY50.00 | |
| 100 | @a20190819d2019 em y0chiy0110 ea | |
| 101 | 0 | @achi |
| 102 | @aCN@b110000 | |
| 105 | @ay z 000yy | |
| 106 | @ar | |
| 200 | 1 | @a化学历年真题与全真模拟题解析@9hua xue li nian zhen ti yu quan zhen mo ni ti jie xi@f侯士聪,等主编 |
| 210 | @a北京@c中国农业大学出版社@d2019 | |
| 215 | @a292页@d26cm | |
| 330 | @a为了更好的帮助考生系统的复习和备考,我们配套编写了这本书,供广大考生考研冲刺使用。本书分两部分内容,第一部分是考研模拟试题,同时给出详细的参考答案,并进行了详细的解答。建议考生先做模拟题,再看参考答案。第二部分给出历年统考的考研真题及答案参考,供查缺补漏。本书反复拿捏内容的广度和深度,把握例题、习题和模拟题的代表性。 | |
| 606 | 0 | @a化学@x研究生@x入学考试@x题解 |
| 690 | @aO6-44@v5 | |
| 701 | 0 | @a侯士聪@9hou shi cong@4主编 |
| 701 | 0 | @a@9deng@4主编 |
| 801 | 0 | @aCN@b北京卓展@c20191020 |
| 905 | @b1211279-82@dO6-44@e1057@f4 | |
| 化学历年真题与全真模拟题解析/侯士聪,等主编.-北京:中国农业大学出版社,2019 |
| 292页;26cm |
| ISBN 978-7-5655-2263-5:CNY50.00 |
| 为了更好的帮助考生系统的复习和备考,我们配套编写了这本书,供广大考生考研冲刺使用。本书分两部分内容,第一部分是考研模拟试题,同时给出详细的参考答案,并进行了详细的解答。建议考生先做模拟题,再看参考答案。第二部分给出历年统考的考研真题及答案参考,供查缺补漏。本书反复拿捏内容的广度和深度,把握例题、习题和模拟题的代表性。 |
| ● |
| 相关链接 |
|
|
|
|
正题名:化学历年真题与全真模拟题解析
索取号:O6-44/1057
 
预约/预借
| 序号 | 登录号 | 条形码 | 馆藏地/架位号 | 状态 | 备注 |
| 1 | 1211279 | 212112792 | 第二样本阅览室/ [索取号:O6-44/1057] | 在馆 | |
| 2 | 1211280 | 212112809 | 第三借阅区/ [索取号:O6-44/1057] | 在馆 | |
| 3 | 1211281 | 212112818 | 第三借阅区/ [索取号:O6-44/1057] | 在馆 | |
| 4 | 1211282 | 212112827 | 第三借阅区/ [索取号:O6-44/1057] | 在馆 |